| 000 | 00345 a2200121 4500 | ||
|---|---|---|---|
| 001 | 86998 | ||
| 082 | _a031 STA | ||
| 090 |
_c40979 _d40979 |
||
| 100 | _aStadandard Educational Corp | ||
| 245 |
_aNew standard encyclopedia Vol 6 _btermite affected withdrawn from shelves |
||
| 260 |
_aStandard Educational Corp _bUSA _c1988 |
||
| 300 | _axxxv, 716 p | ||
| 942 |
_aNUST CAE _k031 STA |
||
| 999 |
_c322071 _d322071 |
||